One of Two: Harry Potter Edition Quiz Stats

 Plays Quiz Updated Aug 10, 2014

Challenge
Share
Tweet
Embed
Score 0/30 Timer 05:00
7 Plays Today
Can you name... Answer % Correct
One of the Two Weasley sons who are twins?Fred and George
99.2%
One of the two free house elves who work at Hogwarts?Dobby and Winky
97.4%
One of the Two headmasters during Harry's sixth year at Hogwarts?Albus Dumbledore and Minerva McGonagall
96.7%
One of the two non-Hogwarts Triwizard champions?Fleur Delacour and Viktor Krum
93%
One of the two henchmen of Draco Malfoy?Vincent Crabbe and Gregory Goyle
88.9%
One of the two Ministers of Magic before Voldemort's take over?Cornelius Fudge and Rufus Scrimgeour
88.8%
One of the two Hogwarts students that Harry dated?Cho Chang and Ginny Weasley
88.3%
One of the two named house elves other than those in the previous question?Kreacher and Hokey
88%
One of the two Gryffindor quidditch captains Harry played for?Oliver Wood and Angelina Johnson
87.2%
One of the two DADA professors who taught Harry and are still alive?Gilderoy Lockhart and Dolores Umbridge
86.7%
One of the two Divination professors?Sybill Trelawney and Firenze
86.4%
One of the two named cats at Hogwarts?Mrs. Norris and Crookshanks
86.4%
One of the two wandmakers who appear in the series?Garrick Ollivander and Gregorovitch
85.2%
One of the two living animagi who is not a creator of the Marauder's Map? Minerva McGonagall and Rita Skeeter
83.8%
One of the two Patil twins?Padma and Parvati
83.6%
Can you name... Answer % Correct
One of the two living Herbology professors?Pomona Sprout and Neville Longbottom
81.2%
One of the two Ministry Heads of Department who serve as Triwizard Judges?Barty Crouch Sr. and Ludo Bagman
80.6%
One of the two foreign school masters who visit Hogwarts?Olympe Maxime and Igor Karkaroff
79.8%
One of the two sisters of Bellatrix Lestrange?Narcissa Malfoy and Andromeda Tonks
79%
One of the two living creatures to host a portion of Voldemort's soul?Nagini and Harry Potter
78.7%
One of the two known Hogwarts quidditch referees?Rolanda Hooch and Severus Snape
75.1%
One of the two pubs in Hogsmeade?Three Broomsticks and Hog's Head
74.7%
One of the two 20th C. caretakers of Hogwarts?Apollyon Pringle and Argus Filch
72.6%
One of the two parents of Teddy?Nymphadora Tonks and Remus Lupin
72.2%
One of the two European wizard schools other than Hogwarts?Durmstrang and Beauxbatons
68.8%
One of the two Hufflepuff quidditch captains?Cedric Diggory and Zacharias Smith
65.8%
One of the two owls owned by Weasley children?Hermes and Pigwidgeon
62.4%
One of the two goblins assisting in the 1998 Gringotts break-in?Griphook and Bogrod
60.9%
One of the two Ravenclaw quidditch captains?Roger Davies and Cho Chang
60.4%
One of the two Diagon Alley pet shops?Eeylops Emporium and The Magical Menagerie
29.2%

You're not logged in!

Compare scores with friends on all Sporcle quizzes.
OR
Log In

You Might Also Like...

Show Comments

Extras

Top Quizzes Today


Score Distribution

Your Account Isn't Verified!

In order to create a playlist on Sporcle, you need to verify the email address you used during registration. Go to your Sporcle Settings to finish the process.

Report this User

Report this user for behavior that violates our Community Guidelines.

Details: